000
00328nam a2200145Ia 4500
005
20251222151344.0
008
251222s9999||||xx |||||||||||||| ||spa||
020
_a
9788483462188
082
_a
863.64/S67
100
_a
Somosa, José Carlos
245
0
_a
Zig Zag
250
_a
1ra.ed.
264
_b
Debols!sollo
942
_c
LIB
999
_c
24581
_d
24581